Smartphone. 10 ragioni per non regalarlo alla prima Comunione (e magari neanche alla Cresima) (Record n. 358285)

Dettagli MARC
000 -LEADER
campo di controllo lung. fissa 01507nam a22002177a 4500
003 - Identificatore del numero di controllo
campo di controllo IT-MiCISF
005 - Data e orario dell'ultima transazione
campo di controllo 20251215123416.0
008 - Elementi di lunghezza fissa--Informazione generale
campo di controllo lung. fissa 190508b ||||| |||| 00| 0 eng d
040 ## - Fonte della catalogazione
Agenzia che fa la trascrizione IT-MiCISF
041 ## - Codice di lingua
Codice di lingua del testo/traccia sonora o titolo separato it
100 ## - Accesso principale -- nome di persona
Nome di persona Garassini Stefania
9 (RLIN) 60480
245 ## - Formulazione del titolo
Titolo Smartphone. 10 ragioni per non regalarlo alla prima Comunione (e magari neanche alla Cresima)
260 ## - Pubblicazione, distribuzione, ecc. (stampa)
Luogo di pubblicazione, distribuzione, ecc. Milano,
Nome dell'editore, distributore, ecc. Ares,
Data di pubblicazione, distribuzione, ecc. 2019
300 ## - Descrizione fisica
Estensione pp. 106
500 ## - Nota generale
Nota generale educazione, nuovi-media, infanzia, adolescenza
520 ## - Riassunto, ecc.
Nota di riassunto, ecc. Lo smartphone è ormai un regalo quasi scontato alla prima Comunione. Pochi però si chiedono se sia una buona idea mettere nelle mani di un bambino di 9 o 10 anni uno strumento così potente. Eppure, scegliere l'età giusta per dare a un ragazzo un cellulare è una decisione importante, perché spalanca le porte di un nuovo mondo, ricco e complesso, destinato a occupare una parte significativa della vita di chi lo utilizza. Con questa guida breve ma documentata l'autrice invita ogni genitore, insegnante, educatore a valutare attentamente i motivi per cui varrebbe la pena aspettare a regalare uno smartphone più a lungo di quel che il mercato, la moda e “gli altri” tendono a farci credere. Non si tratta di demonizzare uno strumento dalle straordinarie potenzialità, ma semplicemente di usarlo - i nostri figli, e anche noi - al meglio.
650 ## - Accesso aggiunto di soggetto--termine topico
Termine topico o nome geografico come accesso mass-media
9 (RLIN) 56139
654 ## - Accesso aggiunto di soggetto--termini topici faccettati
Termine principale saggio
700 ## - Accesso aggiunto--nome di persona
Nome di persona Invito alla lettura di Mariolina Ceriotti Migliarese
9 (RLIN) 62925
942 ## - Dati aggiuntivi (Koha)
Fonte della classificazione o dello schema di collocazione (segnatura) Dewey Decimal Classification
Tipo copia default (Koha) LIBRO
Dati di copia
Ritirato (status) Perso (status) Fonte della classificazione o dello schema di collocazione (segnatura) Danneggiato (status) Non per il presito Biblioteca proprietaria Biblioteca in cui si trova Data d'acquisizione Totale prestiti Collocazione Codice a barre Data ultima operazione Prezzo in vigore dal Tipo copia default (Koha)
    Dewey Decimal Classification Buone Condizioni Not For Loan CISF - Milano CISF - Milano 08/05/2019   a2293 9788881558391 08/05/2019 08/05/2019 LIBRO
CREDITS: SOCIETA' SAN PAOLO Via A.Severo, 58 - ROMA (RM) & PERIODICI SAN PAOLO SRL Via Giotto, 36 MILANO & CISF Via Giotto, 36 MILANO & EDIZIONI SAN PAOLO SRL,  Piazza Soncino, 5 CINISELLO BALSAMO (MI) -- ITALY